Tales of Mystery and Imagination / (Record no. 5258)
[ view plain ]
| 000 -LEADER | |
|---|---|
| fixed length control field | 01769nam a22003137a 4500 |
| 001 - CONTROL NUMBER | |
| control field | 5258 |
| 003 - CONTROL NUMBER IDENTIFIER | |
| control field | FISKH |
| 005 - DATE AND TIME OF LATEST TRANSACTION | |
| control field | 20241121141254.0 |
| 008 - FIXED-LENGTH DATA ELEMENTS--GENERAL INFORMATION | |
| fixed length control field | 241121b cb ||||| |||| 00| 0 eng d |
| 020 ## - INTERNATIONAL STANDARD BOOK NUMBER | |
| International Standard Book Number | 9780194791328 |
| 040 ## - CATALOGING SOURCE | |
| Original cataloging agency | FISKH |
| Language of cataloging | eng |
| Transcribing agency | FISKH |
| Modifying agency | FISKH |
| 050 ## - LIBRARY OF CONGRESS CALL NUMBER | |
| Classification number | PZ7.P7515 |
| 082 ## - DEWEY DECIMAL CLASSIFICATION NUMBER | |
| Classification number | 813.3 |
| 100 ## - MAIN ENTRY--PERSONAL NAME | |
| Personal name | Poe, Edgar Allan |
| 245 ## - TITLE STATEMENT | |
| Title | Tales of Mystery and Imagination / |
| Statement of responsibility, etc. | by Edgar Allan Poe |
| 260 ## - PUBLICATION, DISTRIBUTION, ETC. | |
| Place of publication, distribution, etc. | New York : |
| Name of publisher, distributor, etc. | Oxford University Press ; |
| Date of publication, distribution, etc. | 2008 . |
| 300 ## - PHYSICAL DESCRIPTION | |
| Extent | 72 pages : |
| Other physical details | illustrations ; |
| Dimensions | 21 cm . |
| 490 ## - SERIES STATEMENT | |
| Series statement | Oxford Bookworm |
| Volume/sequential designation | Stage 3 |
| 505 ## - FORMATTED CONTENTS NOTE | |
| Formatted contents note | Z <br/> |
| 520 ## - SUMMARY, ETC. | |
| Summary, etc. | According to even his most forgiving biographers, Edgar Allan Poe (1809-49) was a difficult man. Arrested whilst touring Europe, and expelled from the United States Military Academy at West Point, he tended to lose both work and friends through drunkenness. Best known for his goriest stories, Poe is often presented to the modern reader as a writer of horror. However, this collection, published in 1852, offers a broader selection of his work. It includes one of his first pieces of detective fiction, 'The Gold-Beetle', resulting from his preoccupation with cryptography; 'A Descent into the Maelström', an early example of science fiction; the mesmeric verse of 'The Raven'; and some of his lesser-known love poetry. A pioneer of modern genre fiction, Poe remains important and influential in the American literary canon. This lavishly illustrated collection represents an excellent introduction to his work. |
| 521 8# - TARGET AUDIENCE NOTE | |
| Target audience note | 980 <br/> |
| Source | Lexile <br/> |
| 521 8# - TARGET AUDIENCE NOTE | |
| Target audience note | Z <br/> |
| Source | Raz-Plus <br/> |
| 650 ## - SUBJECT ADDED ENTRY--TOPICAL TERM | |
| Topical term or geographic name entry element | mystery |
| Form subdivision | fiction |
| 650 ## - SUBJECT ADDED ENTRY--TOPICAL TERM | |
| Topical term or geographic name entry element | horror |
| Form subdivision | fiction |
| 650 ## - SUBJECT ADDED ENTRY--TOPICAL TERM | |
| Topical term or geographic name entry element | Edgar Allan Poe |
| Form subdivision | fiction |
| 700 ## - ADDED ENTRY--PERSONAL NAME | |
| Personal name | Miller, Ian |
| Relator term | illustrator |
| 942 ## - ADDED ENTRY ELEMENTS (KOHA) | |
| Source of classification or shelving scheme | Dewey Decimal Classification |
| Koha item type | Books |
| Suppress in OPAC | No |
| Withdrawn status | Lost status | Source of classification or shelving scheme | Damaged status | Not for loan | Collection | Home library | Current library | Shelving location | Date acquired | Total Checkouts | Full call number | Barcode | Date last seen | Price effective from | Koha item type |
|---|---|---|---|---|---|---|---|---|---|---|---|---|---|---|---|
| Dewey Decimal Classification | Fiction | Footprints International School Library Network Toul Kork Campus | Footprints International School Library Network Toul Kork Campus | TTP Secondary Fiction Bookshelves | 11/21/2024 | POE 813.3 PZ7.P7515 | FIS00299 | 11/21/2024 | 11/21/2024 | Books |
